000 00657nam a22002411 4500
001 30032
003 BD-RjUL
005 20211209051511.0
008 140408s1957 ilu 001 0 eng d
035 _a(BD-RjUL)30117
040 _aDLC
_cDLC
_dDLC
_beng
041 _aeng
082 0 0 _a150
_bSCH 1957
100 1 _aSchreier, Fred T.
_991349
245 1 0 _aHuman motivation: probability and meaning /
_c Fred T. Schreier.
260 _aGlencoe, Ill. :
_bFree Press,
_cc1957.
300 _a256 p. ;
_c21 cm.
504 _aIncludes Index
650 0 _aMotivation (Psychology)
_991350
942 _2ddc
_cBK
999 _c30032
_d30032